000 00328cam a2200145ua 4500
041 _aeng
_h
082 _a370.19
_bBRO/ED
100 _aBrown, Francis .
245 _aEducational sociology /
_cFrancis,Brown.
_hTextual Documents
300 _a677 ; .
500 _aBRO/ED
504 _a
942 _cBK
999 _c12213
_d12213